Vista normal
Vista MARC
Entrada Topical Term
Número de registros utilizados en: 13
001 - CONTROL NUMBER
- control field: 11266
003 - CONTROL NUMBER IDENTIFIER
- control field: OSt
005 - DATE AND TIME OF LATEST TRANSACTION
- control field: 20230915230200.0
008 - FIXED-LENGTH DATA ELEMENTS
- fixed length control field: 230915|| aca||aabn | a|a d
040 ## - CATALOGING SOURCE
- Original cataloging agency: OSt
- Transcribing agency: OSt
150 ## - HEADING--TOPICAL TERM
- Topical term or geographic name entry element: SINDICATOS - HISTORIA - LEGISLACION
670 ## - SOURCE DATA FOUND
- Source citation: Work cat.: (OSt)21139: Moreno García, Jaime; Gómez de Moreno, Graciela 11264, El abogado sindical, Planeta 1999